000 00924cab a2200265 4500
001 ABS60020
008 090401t1999 xxu||||| |||| 00| 0 eng d
035 _a(Sirsi) u90778
041 _aeng
100 _aSimmons, M.
245 _aBreaking up is hard to do
260 _c1999
350 _a0
490 _aEstates Gazette
_v(9902) 16 January 1999, 127-129(3)
520 _aDiscusses the issues surrounding a partner who is underperforming, including the reasons for underperformance and ways of dealing with the problem when it arises. Stresses the need for effective management in dealing with problem partners.
650 _aASSESSMENTS
650 _aEMPLOYMENT ISSUES
650 _aMANAGEMENT SYSTEMS
650 _aPARTNERS
650 _aPARTNERSHIP AGREEMENTS
650 _aPRACTICE MANAGEMENT
690 _aMANAGEMENT-BUSINESS MANAGEMENT-PROFESSIONAL PRACTICE
942 _n0
948 _c19/01/1999
999 _c57571
_d57571